| 000 | 03019cam a2200409 4500500 | ||
|---|---|---|---|
| 005 | 20250123110925.0 | ||
| 041 | _afre | ||
| 042 | _adc | ||
| 100 | 1 | 0 |
_aBouleau, Gabrielle _eauthor |
| 700 | 1 | 0 |
_a Carter, Caitríona _eauthor |
| 700 | 1 | 0 |
_a Thomas, Arnaud _eauthor |
| 245 | 0 | 0 | _aDes connaissances aux décisions : la mise en œuvre des directives européennes sur l’eau douce et marine |
| 260 | _c2018. | ||
| 500 | _a91 | ||
| 520 | _aCet article compare l’effet d’une forme de « participation performative » sur la nature et l’usage de savoirs lors de la mise en œuvre de la Directive-cadre sur l’eau (DCE) par comparaison avec la mise en œuvre de la Directive-cadre stratégie milieu marin (DCSMM) en Nouvelle Aquitaine. Les deux directives promeuvent une approche écosystémique à l’égard de la participation, mais donnent peu d’éléments sur sa mise en pratique. Pour saisir comment les acteurs ont agi, d’une façon comparative, nous mobilisons un nouveau cadre conceptuel (les 4A) qui distingue : (1) l’Acquisition des connaissances et des ressources politiques, (2) leur Agrégation, (3) leur usage dans l’Argumentation de la décision et (4) leur Accumulation. Les résultats montrent comment les différentes formes de médiation en lien avec une approche écosystémique peuvent construire deux nouveaux types de « publics » dans la gouvernance de l’eau. | ||
| 520 | _aCoupling practices between knowledge and decisions in participatory water governance: A comparison of WFD and MSFD implementation in FranceThis article compares the effects of “performative participation” on the nature and use of knowledge in the implementation of the Water Framework Directive (WFD) compared with that of the Marine Strategy Framework Directive (MSFD) in New Aquitaine. Both European directives promote an ecosystem approach to participation, but offer very little detail on how this can be implemented in practice. We apply a new conceptual model (4As) to compare how actors have responded through (1) Acquisition of knowledge and political resources, (2) their Aggregation, (3) Articulation, and (4) Accumulation. Results show how in both cases ecosystem coupling practices shaped knowledge usage and constructed two new types of “public” in water governance. | ||
| 690 | _adécision | ||
| 690 | _aGironde | ||
| 690 | _agolfe de Gascogne | ||
| 690 | _aDCSMM | ||
| 690 | _aNouvelle Aquitaine | ||
| 690 | _aconnaissances | ||
| 690 | _aapproche écosystémique | ||
| 690 | _aparticipation | ||
| 690 | _aDCE | ||
| 690 | _aWFD | ||
| 690 | _aGironde river (France) | ||
| 690 | _aMSFD | ||
| 690 | _aNew Aquitaine (France) | ||
| 690 | _adecision | ||
| 690 | _aBay of Biscay | ||
| 690 | _aparticipation | ||
| 690 | _aknowledge | ||
| 690 | _aecosystem approach | ||
| 786 | 0 | _nParticipations | 21 | 2 | 2018-12-11 | p. 37-64 | 2034-7650 | |
| 856 | 4 | 1 | _uhttps://shs.cairn.info/revue-participations-2018-2-page-37?lang=fr&redirect-ssocas=7080 |
| 999 |
_c776109 _d776109 |
||